| 000 | 00760cam a2200253 a 4500 | ||
|---|---|---|---|
| 001 | 34861 | ||
| 005 | 20230410102146.0 | ||
| 008 | 920831s1979 dr 000 1 spa d | ||
| 035 | _9(DLC) 92208338 | ||
| 035 | _a626267 | ||
| 942 |
_2lcc _cbk |
||
| 010 | _a 92208338 | ||
| 035 | _a(OCoLC)8752892 | ||
| 040 |
_aFU _cDLC _dDLC _dDLC |
||
| 042 | _alccopycat | ||
| 050 | 1 | 4 |
_a118 PQ 7409 _bD325d 1979 |
| 100 | 1 |
_aDeive, Carlos Esteban, _d1935- |
|
| 245 | 1 | 4 |
_aLas devastaciones : _bnovela / _cCarlos Esteban Deive. |
| 250 | _a1. ed. | ||
| 260 |
_aSanto Domingo, : _bEdiciones Cochón Calvo, _c1979. |
||
| 300 |
_a317 p. ; _c23 cm. |
||
| 490 | 1 |
_aColección Literatura ; _vno. 1 |
|
| 830 | 0 |
_aColección Literatura (Ediciones Cochón Calvo y Cía) ; _vno. 1. |
|
| 999 |
_c20200 _d20200 |
||